Ballades françaises : premiére série /

I tiakina i:
Ngā taipitopito rārangi puna kōrero
Kaituhi matua: Fort, Paul (autor)
Ētahi atu kaituhi: Louys, Pierre (prefacio) (prefacio)
Hōputu: Pukapuka
Reo:Wīwī
I whakaputaina: París, Francia : Mercure de France, 1920, c1920
Ngā marau:
Ngā Tūtohu: Tāpirihia he Tūtohu
Kāore He Tūtohu, Me noho koe te mea tuatahi ki te tūtohu i tēnei pūkete!

MARC

LEADER 00000nam^a2200000^a^4500
001 000435275
005 20250526000000.0
009 20260310123126.937
037 |a Acervo ITESO - Biblioteca 
041 |a FRA 
082 |a 841.  |b FOR V. 1 
100 |a Fort, Paul  |e (autor) 
240 1 1 |a [Ballades françaises] 
245 1 0 |a Ballades françaises :  |b premiére série /  |c P. Fort ; pref. de P. Louys. 
264 4 |a París, Francia :  |b Mercure de France,  |c 1920, c1920 
300 |a 406 p. ;  |c 18.5 cm. 
336 |a texto  |b txt  |2 rdacontenido 
337 |a sin mediación  |b n  |2 rdamedio 
338 |a volumen  |b nc  |2 rdasoporte 
649 |a XX 
650 |a Poesía Francesa 
650 |a Literatura Francesa -  |y Siglo XX 
700 |a Louys, Pierre  |e (prefacio) 
910 |a Fondo General 
920 |a Impresos - Libros 
930 |a Libros Antiguos y Raros 
940 |a Literatura 
905 |a 108 
901 |a 0500357092  |b IT2  |c LRA  |i D  |u 20250526 
902 |a https://opac.biblio.iteso.mx/vufind/Record/000435275